Dynamical processes and changes in metal structure induced by high power ion beams; Nuclear Instruments and Methods in Physics Research Section B: Beam Interactions with Materials and Atoms; Vol. 42, iss. 3
| Parent link: | Nuclear Instruments and Methods in Physics Research Section B: Beam Interactions with Materials and Atoms: Scientific Journal.— , 1984- Vol. 42, iss. 3.— 1989.— [P. 342-345] |
|---|---|
| Հիմնական հեղինակ: | |
| Այլ հեղինակներ: | , |
| Ամփոփում: | Title screen The paper presents results on dynamical processes caused by a high power ion beam (of and ) interacting with surfaces of Cu, Al, Pb metals. Mass of the layer evaporated and deposited from metal surfaces was measured for various irradiation regimes. It has been shown that dynamical processes resulting from HPIB-metal surface interaction are related to changes in the metal structure at large depths which in turn cause changes in microhardness and abrasive wear resistance. Режим доступа: по договору с организацией-держателем ресурса |
| Լեզու: | անգլերեն |
| Հրապարակվել է: |
1989
|
| Խորագրեր: | |
| Առցանց հասանելիություն: | http://dx.doi.org/10.1016/0168-583X(89)90445-X |
| Ձևաչափ: | Էլեկտրոնային Գրքի գլուխ |
| KOHA link: | https://koha.lib.tpu.ru/cgi-bin/koha/opac-detail.pl?biblionumber=645068 |
MARC
| LEADER | 00000nla0a2200000 4500 | ||
|---|---|---|---|
| 001 | 645068 | ||
| 005 | 20250319133629.0 | ||
| 035 | |a (RuTPU)RU\TPU\network\10152 | ||
| 035 | |a RU\TPU\network\9931 | ||
| 090 | |a 645068 | ||
| 100 | |a 20151209d1989 k||y0rusy50 ba | ||
| 101 | 0 | |a eng | |
| 135 | |a drcn ---uucaa | ||
| 181 | 0 | |a i | |
| 182 | 0 | |a b | |
| 200 | 1 | |a Dynamical processes and changes in metal structure induced by high power ion beams |f S. A. Chistjakov, A. D. Pogrebnjak, G. E. Remnev | |
| 203 | |a Text |c electronic | ||
| 300 | |a Title screen | ||
| 320 | |a [References: p. 345 (15 tit.)] | ||
| 330 | |a The paper presents results on dynamical processes caused by a high power ion beam (of and ) interacting with surfaces of Cu, Al, Pb metals. Mass of the layer evaporated and deposited from metal surfaces was measured for various irradiation regimes. It has been shown that dynamical processes resulting from HPIB-metal surface interaction are related to changes in the metal structure at large depths which in turn cause changes in microhardness and abrasive wear resistance. | ||
| 333 | |a Режим доступа: по договору с организацией-держателем ресурса | ||
| 461 | |t Nuclear Instruments and Methods in Physics Research Section B: Beam Interactions with Materials and Atoms |o Scientific Journal |d 1984- | ||
| 463 | |t Vol. 42, iss. 3 |v [P. 342-345] |d 1989 | ||
| 610 | 1 | |a электронный ресурс | |
| 610 | 1 | |a труды учёных ТПУ | |
| 700 | 1 | |a Chistjakov |b S. A. | |
| 701 | 1 | |a Pogrebnjak |b A. D. | |
| 701 | 1 | |a Remnev |b G. E. |c physicist |c Professor of Tomsk Polytechnic University, Doctor of technical sciences |f 1948- |g Gennady Efimovich |3 (RuTPU)RU\TPU\pers\31500 | |
| 801 | 2 | |a RU |b 63413507 |c 20151209 |g RCR | |
| 856 | 4 | |u http://dx.doi.org/10.1016/0168-583X(89)90445-X | |
| 942 | |c CF | ||